| 000 | 00974nam a2200301 i 4500 | ||
|---|---|---|---|
| 003 | EG-ScBUE | ||
| 005 | 20240324101336.0 | ||
| 008 | 100315s2002 enk f d 000 0 eng d | ||
| 020 | _a9953331197 | ||
| 020 | _a9789953331195 | ||
| 040 |
_aEG-ScBUE _beng _erda _cEG-ScBUE _dEG-ScBUE |
||
| 041 | 0 |
_aeng _atha |
|
| 082 | 0 | 4 |
_222 _a428.24 _bCOL |
| 245 | 0 | 0 | _aCollins cobuild new student's dictionary. |
| 246 | 3 | 4 |
_aCollins cobuild new student's dictionary : _bhelping learners with real English |
| 250 | _aSecond edition. | ||
| 264 | 1 |
_aGlasgow, Great Britain : _bHarper Collins Publishers, _c2002. |
|
| 300 |
_a222 pages ; _c25 cm |
||
| 336 |
_2rdacontent _atext _btxt |
||
| 337 |
_2rdamedia _aunmediated _bn |
||
| 338 |
_2rdacarrier _avolume _bnc |
||
| 546 | _aText in English and Thai. | ||
| 650 | 7 |
_aEnglish language _vDictionaries _zThai. _2BUEsh |
|
| 653 | _bHHUUEENN | ||
| 655 |
_vReading book _934232 |
||
| 942 |
_2ddc _cBB |
||
| 999 |
_c30719 _d30690 |
||